000 00723nam a2200229Ia 4500
003 0100
008 130227s9999 xx 000 0 und d
040 _cARRUPELIB
050 _aJQ1879.A5L5 2005
100 _aLumumba-Kasongo, Tukumbi
245 _aLiberal democracy and its critics in Africa
245 _bpolitical dysfunction and the struggle for social progress
260 _aPretoria
260 _bUniversity of South Africa Press
260 _C2005
300 _axvii
300 _b 213p. 22cm.
650 _bAfrica, Central- Politics and government- 1960-
650 _cAfrica, Central- Economic conditions- 1960-
650 _dAfrica, Central- Ethnic relations- Political aspects
942 _2lcc
_03
999 _c5907
_d5907